002610000a220007300045001000024000002450079000243000037001037730047001401 aGlancy, Jennifer A.10aThe mistress, slave dialect : Paradoxes of slavery in three LXX narratives aNúm 72 (1996), Páginas 71-870 tJournal for the Study of the Old Testament